ओलेवन सूचना तकनिकी / (Record no. 119725)

MARC details
000 -LEADER
fixed length control field 01130nam a22002537a 4500
005 - DATE AND TIME OF LATEST TRANSACTION
control field 20170124103147.0
010 ## - LIBRARY OF CONGRESS CONTROL NUMBER
LC control number B-077439
020 ## - INTERNATIONAL STANDARD BOOK NUMBER
Terms of availability 190.00
International Standard Book Number 8187620021
035 ## - SYSTEM CONTROL NUMBER
System control number B-077439
037 ## - SOURCE OF ACQUISITION
Source of stock number/acquisition Cen Lib/Ret
040 ## - CATALOGING SOURCE
Original cataloging agency DPL
Language of cataloging HN
082 ## - DEWEY DECIMAL CLASSIFICATION NUMBER
Classification number 004
Item number ओलेव
245 ## - TITLE STATEMENT
Title ओलेवन सूचना तकनिकी /
Statement of responsibility, etc संपादक हरिशंकर व्यास
246 ## - VARYING FORM OF TITLE
Title proper/short title Olevan soochana takninki /
Remainder of title sampadak Harishankar Vyas
260 ## - PUBLICATION, DISTRIBUTION, ETC. (IMPRINT)
Place of publication, distribution, etc नयी दिल्ली
Name of publisher, distributor, etc नेटकम इंडिया
Date of publication, distribution, etc 2000
270 ## - ADDRESS
City नयी दिल्ली
Address 95, शहीद भगत सिंह प्लेस, बागला साहिब मार्ग
Postal code 110001
300 ## - PHYSICAL DESCRIPTION
Extent 221पृ.
Dimensions 20सेमी(सजिल्द )
650 ## - SUBJECT ADDED ENTRY--TOPICAL TERM
Topical term or geographic name as entry element कंप्यूटर भाषा
General subdivision
Geographic subdivision
9 (RLIN) 86569
650 ## - SUBJECT ADDED ENTRY--TOPICAL TERM
Topical term or geographic name as entry element कंप्यूटर और संचार
9 (RLIN) 5868
650 ## - SUBJECT ADDED ENTRY--TOPICAL TERM
Topical term or geographic name as entry element Computer Language
9 (RLIN) 3307
650 ## - SUBJECT ADDED ENTRY--TOPICAL TERM
Topical term or geographic name as entry element Computers and Communications
9 (RLIN) 86570
700 ## - ADDED ENTRY--PERSONAL NAME
Personal name व्यास, हरिशंकर
9 (RLIN) 86571
942 ## - ADDED ENTRY ELEMENTS (KOHA)
Source of classification or shelving scheme Dewey Decimal Classification
Koha item type Hindi Books
Classification part 004
Call number suffix ओलेव
Holdings
Withdrawn status Lost status Damaged status Not for loan Home library Current library Date acquired Source of acquisition Cost, normal purchase price Total Checkouts Full call number Barcode Date last seen Date checked out Copy number Cost, replacement price Price effective from Koha item type
        Central Library Central Library 18/09/2015 Cen Lib/Ref 190.00 1 004 ओलेव B-077439 28/04/2017 08/04/2017 1 190.00 18/09/2015 Hindi Books

© Delhi Public Library
Hit Counter
free hit counter